Komunikace s osobním počítačem pro začátečníky /

Hlavní autor: Petružela, Rostislav
Další autoři: Juhová, Kateřina, Mikula, Pavel
Jazyk: Čeština
Vydáno: Brno : Dům techniky, 1992
Vydání: 2. vyd.
Fyzický popis: 90 s.
Knihy
Uloženo v:
LEADER 00739nam a22002172a 4500
001 000166324
003 CZ BrMZK
005 20120615114512.0
008 970103s1992 xr f cze d
040 |a BOA001  |b cze 
080 |a 681.322  |2 MRF 
100 1 |a Petružela, Rostislav  |7 mzk2012703938 
245 1 0 |a Komunikace s osobním počítačem pro začátečníky /  |c Rostislav Petružela, Pavel Mikula, Kateřina Juhová 
250 |a 2. vyd. 
260 |a Brno :  |b Dům techniky,  |c 1992 
300 |a 90 s. 
700 1 |a Juhová, Kateřina  |7 mzk2009544789 
700 1 |a Mikula, Pavel  |7 jx20040806013 
910 |a BOA001  |b TK-0249.481 
990 |a BK 
996 7 |b 2629987399  |c TK-0249.481  |l MZK  |r Sklad / do 24 hodin  |n 1  |w 000166324  |u 000010  |a 1  |e BOA001  |j MZK50  |s A